Statistiques concernant Les 30 célébrités de la Grèce Antique les plus influentes

Cliquez ici pour prendre le quiz!

Statistiques générales

  • Ce quiz a été pris 65 fois
  • Le résultat moyen est 13 sur 30

Statistiques - réponses

PositionDescriptionRéponse% Correct
5Ce philosophe et mathématicien a notamment laissé sa trace dans le langage courant avec un théorème ainsi que les tables de multiplications portant son nom.Pythagore
93%
2Fondateur de l'école philosophique L'Académie, il est le maître du personnage précédent. Dans son dialogue La République, il développe notamment le concept de philosophe roi.Platon
91%
3Ce philosophe aura pour disciple le personnage ci-dessus. Son héritage n'est qu'oral, rendant son influence sur le monde occidental ambiguë. Sa condamnation à mort ainsi que son suicide à la ciguë demeurent pour autant célèbres.Socrate
85%
4Disciple du personnage n°1, ce roi de Macédoine deviendra l'un des plus grands conquérants de l'Histoire, ses victoires contribuant à l'expansion massive de l'hellénisme à travers le monde.Alexandre le Grand
83%
1Ce philosophe est à l'origine de la pensée occidentale. Inventeur de la métaphysique, ce polymathe considère la philosophie comme "l'amour de la sagesse". Élève du personnage ci-dessous.Aristote
83%
6Les deux premières œuvres de la littérature occidentale que sont L'Illiade et l'Odyssée sont attribuées à ce poète. Homère
83%
7Physicien, astronome, mathématicien et ingénieur, ce scientifique donne aujourd'hui son nom à une poussée concernant la flottabilité, la vis sans fin ou encore le nombre pi. La formule Eurêka lui est associée.Archimède
80%
11Ce philosophe et savant est connu pour son calcul de la hauteur de la pyramide de Khéops, la prédiction des éclipses, ainsi que son théorème géométrique.Thalès
80%
13Ce mathématicien a notamment donné son nom à un algorithme, à la division, mais aussi à un pan entier de la géométrie.Euclide
76%
9Surnommé "le Père de la Médecine", ce philosophe et médecin a donné son nom à un serment prononcé par les futurs travailleurs du domaine médical.Hippocrate
72%
12Cet homme est l'un des trois grands dramaturges grecs, auteur notamment d'Œdipe roi et d'Antigone.Sophocle
54%
14Cet homme politique est à l'origine de la construction du Parthénon d'Athènes, favorise la démocratie athénienne, tout en promouvant l'ensemble des arts. Il mène les Athéniens dans les guerres médiques ainsi que celle du Péloponnèse.Périclès
52%
8Surnommé "le Père de l'Histoire", c'est le premier historien de tous les temps. Son œuvre Histoires traite aussi de géographie et d'anthropologie.Hérodote
48%
24Cet homme est le plus grand poète comique de la Grèce Antique, auteur notamment de Les Cavaliers et Les Nuées.Aristophane
43%
19Ce philosophe est le plus célèbre représentant de l'école cynique, représenté systématiquement vivant dans une jarre ou un tonneau.Diogène de Sinope
43%
16Cet homme a fondé l'une des plus importantes écoles philosophiques de l'Antiquité, se basant sur une phrase : "Le plaisir est le principe et la fin de la vie heureuse."Épicure
41%
18Cet écrivain a inventé le genre littéraire de la fable.Ésope
39%
27Père du personnage n°4, ce roi de Macédoine a permis l'émergence de cette nation, tout en soumettant Athènes et Thèbes.Philippe II
35%
26Cette poétesse lyrique est connue pour avoir donné son nom à différents termes désignant l'homosexualité féminine.Sappho
35%
22Cet homme, l'un des trois grands dramaturges grecs, est notamment l'auteur des pièces Médée et Andromaque.Euripide
33%
25Cet homme, l'un des trois grands dramaturges grecs, participe à la naissance et la conception du genre tragique. Il est notamment l'auteur d'Agamemnon, première partie de la trilogie de l'Orestie.Eschyle
26%
30Cet homme politique, stratège et historien est l'auteur de La guerre du Péloponnèse, récit de la guerre opposant Athènes et Sparte.Thucydide
22%
15Ce philosophe matérialiste est le premier à concevoir l'Univers comme étant constitué d'atomes et de vide.Démocrite
11%
17Ce directeur de la bibliothèque d'Alexandrie est le premier à calculer la circonférence de la Terre. Astronome, géographe, philosophe et mathématicien, il est l'inventeur de la géographie.Ératosthène
7%
10Ce philosophe est connu pour son relativisme, sa théorie de la contrariété ou encore la citation "Tout passe".Héraclite
7%
20Ce philosophe est connu pour son œuvre De la nature, mais aussi pour l'introduction de la logique dans la pensée hellénique ainsi que sa création de l'Être et du Non-Être.Parménide
7%
21Ce savant a eu pour élève le personnage n°5. Il est connu pour être le premier à avoir tenté de décrire et expliquer l'origine et l'organisation de tous les aspects du monde d'un point de vue que l'on qualifie rétrospectivement de scientifique.Anaximandre
4%
29Ce philosophe sophiste est le premier agnostique connu. Il est l'auteur de la phrase "L'Homme est la mesure de toute chose".Protagoras
4%
23Ce géographe et historien écrivit Géographie, contenant 17 volumes décrivant l'ensemble du monde occidental connu à l'époque de l'an 0.Strabon
4%
28Ce philosophe, poète, ingénieur et médecin est le premier à poser deux principes régnant cycliquement sur l'Univers, l'Amour et la Haine. La légende raconte qu'il serait mort en se jetant dans l'Etna, délaissant ses sandales sur le volcan.Empédocle
2%

Distribution des résultats

Percentile par nombre de réponses

% des personnes avec chaque résultat

Votre développement - résultats

Vous n’avez pas pris ce quiz